Hiện tượng học tinh thần = Phänomenologie des geistes
Αποθηκεύτηκε σε:
| Κύριος συγγραφέας: | |
|---|---|
| Μορφή: | Βιβλίο |
| Γλώσσα: | Undetermined |
| Έκδοση: |
Hà Nội
Văn học
2006
|
| Θέματα: | |
| Ετικέτες: |
Προσθήκη ετικέτας
Δεν υπάρχουν, Καταχωρήστε ετικέτα πρώτοι!
|
| Thư viện lưu trữ: | Trung tâm Học liệu Trường Đại học Cần Thơ |
|---|
| LEADER | 00615nam a2200205Ia 4500 | ||
|---|---|---|---|
| 001 | CTU_101592 | ||
| 008 | 210402s9999 xx 000 0 und d | ||
| 020 | |c 300000 | ||
| 082 | |a 142.7 | ||
| 082 | |b H462 | ||
| 100 | |a George Wilhelm Friedrich Hegel | ||
| 245 | 0 | |a Hiện tượng học tinh thần | |
| 245 | 0 | |b = Phänomenologie des geistes | |
| 245 | 0 | |c George Wilhelm Friedrich Hegel; Bùi Văn Nam Sơn biên dịch | |
| 260 | |a Hà Nội | ||
| 260 | |b Văn học | ||
| 260 | |c 2006 | ||
| 650 | |a phenomenology | ||
| 904 | |i Minh | ||
| 980 | |a Trung tâm Học liệu Trường Đại học Cần Thơ | ||